Halál a népmesékben
Elmentve itt :
| Szerző: | |
|---|---|
| További közreműködők: | |
| Dokumentumtípus: | Szakdolgozat |
| Megjelent: |
2000
|
| Tárgyszavak: | |
| Online Access: | http://diploma.bibl.u-szeged.hu/105047 |
| LEADER | 00548nta a2200169 i 4500 | ||
|---|---|---|---|
| 001 | dipl105047 | ||
| 005 | 20210201075423.0 | ||
| 008 | 210128s2000 hu om 0|| zxx d | ||
| 040 | |a SZTE Diploma Repozitórium |b hun | ||
| 041 | |a zxx | ||
| 100 | 1 | |a Bartha Ilona | |
| 245 | 1 | 0 | |a Halál a népmesékben |h [elektronikus dokumentum] / |c Ilona Bartha |
| 260 | |c 2000 | ||
| 650 | 4 | |a Bölcsészettudományok | |
| 650 | 4 | |a Library science | |
| 700 | 1 | |a Baricz Zsolt |e ths | |
| 856 | 4 | 0 | |u http://diploma.bibl.u-szeged.hu/id/eprint/105047/1/2000_bartha_ilona.pdf |z Dokumentum-elérés |